Death and the moving image : ideology, iconography and I /

Bibliographic Details
Main Author: Aaron, Michele (Author)
Format: eBook
Language:English
Published: Edinburgh : Edinburgh University Press, [2014]
Subjects:
Online Access:Connect to the full text of this electronic book

MARC

Tag First Indicator Second Indicator Subfields
LEADER 00000cam a2200000Mi 4500
001 in00003431721
005 20190407114458.0
006 m o d
007 cr |n|
008 130826t20142014stka fobq 001 0 eng d
019 |a 872628129  |a 875645371 
020 |a 1306465303 (ebk) 
020 |a 9781306465304 (ebk) 
020 |a 9780748630479 (electronic bk.) 
020 |a 0748630473 (electronic bk.) 
020 |z 9780748624430 
020 |z 0748624430 
035 |a (OCoLC)ocn871642342 
035 |a (OCoLC)871642342 
037 |a 577781  |b MIL 
040 |a IDEBK  |b eng  |e rda  |c IDEBK  |d CDX  |d N$T  |d YDXCP  |d OCLCO  |d UtOrBLW 
049 |a TXAM 
050 4 |a PN1995.9.D37  |b A27 2014eb 
072 7 |a PER  |2 ukslc 
072 7 |a PER  |x 009000  |2 bisacsh 
082 0 4 |a 791.4/36548  |2 23 
100 1 |a Aaron, Michele,  |e author. 
245 1 0 |a Death and the moving image :  |b ideology, iconography and I /  |c Michele Aaron. 
264 1 |a Edinburgh :  |b Edinburgh University Press,  |c [2014] 
264 4 |c €2014 
300 |a 1 online resource (ix, 256 pages) :  |b illustrations (black and white) 
336 |a text  |b txt  |2 rdacontent 
337 |a computer  |b c  |2 rdamedia 
338 |a online resource  |b cr  |2 rdacarrier 
504 |a Includes bibliographical references (pages 199-244), filmography (pages 245-250) and index. 
588 |a Description based on print version record. 
500 |a Electronic resource. 
650 0 |a Death in motion pictures. 
650 0 |a Motion pictures  |x History  |y 20th century. 
650 0 |a Motion pictures  |x History  |y 21st century. 
650 7 |a PERFORMING ARTS / Reference.  |2 bisacsh 
655 7 |a Electronic books.  |2 local 
776 0 8 |i Print version:  |w (StDuBDS)9780748624430  |z 9781306465304 
856 4 0 |u http://proxy.library.tamu.edu/login?url=http://search.ebscohost.com/login.aspx?direct=true&scope=site&db=nlebk&db=nlabk&AN=709226  |z Connect to the full text of this electronic book  |t 0 
994 |a 92  |b TXA 
948 |a cataloged  |b h  |c 2014/4/23  |d c  |e jlanham  |f 1:24:20 pm 
999 |a MARS 
999 f f |s b8feba9a-a8c3-31d5-8f38-90908d819cd8  |i 530ea924-f03e-3ecb-b2db-dd9dad6307d7  |t 0 
952 f f |a Texas A&M University  |b College Station  |c Electronic Resources  |d Available Online  |t 0  |e PN1995.9.D37 A27 2014eb  |h Library of Congress classification 
998 f f |a PN1995.9.D37 A27 2014eb  |t 0  |l Available Online